Narządy układu pokarmowego człowieka - Statystyki

Ogólne statystyki
  • Ten quiz został rozwiązany 14 326 razy
  • Średni wynik to 8 z 14
Odpowiedzi na mapie
Odpowiedzi zakodowano w zielono-czerwonej skali na mapie do tego quizu, zgodnie z poniższymi procentami.
 
Statystyki odpowiedzi
Odpowiedź % Poprawnych
Odbyt
74%
Wątroba
74%
Jelito grube
73%
Przełyk
73%
Jelito cienkie
70%
Żołądek
63%
Język
61%
Ślinianki
59%
Jama ustna
58%
Gardło
56%
Zęby
53%
Trzustka
49%
Dwunastnica
47%
Pęcherzyk żółciowy
37%
Nie znaleziono quizów pasujących do podanych kryteriów
Rozkład punktacji
Procent ludzi z każdym wynikiem
Percentyl według liczby udzielonych odpowiedzi
Twoja historia wyników
Nie rozwiązałeś tego quizu